| 000 | 00691nam a2200205 a 4500 | ||
|---|---|---|---|
| 001 | BRCA_1527 | ||
| 005 | 20190320203448.0 | ||
| 008 | 000306s1999 mx-a---##b---s000-0cspa-# | ||
| 020 | _a9685025584 | ||
| 050 | 4 |
_aN6556.C4 _b.Z47 1999 |
|
| 100 | 1 |
_aZepeda, Masha _94937 |
|
| 245 | 1 | 0 |
_aPlástica contemporánea de Chiapas _cMasha Zepeda. |
| 260 |
_aTuxtla Gutiérrez, Chiapas _bConsejo Estatal para la Cultura y las Artes en Chiapas _c1999 |
||
| 300 |
_a191 p. _bil. (algunas a color) _c31 cm. |
||
| 500 | _aIncluye índice de láminas | ||
| 504 | _aBibliografía: p. [194-195] | ||
| 650 | 1 | 4 |
_aArte mexicano _ySiglo XX _94500 |
| 650 | 1 | 4 |
_aArtistas _vBiografía _zMéxico _93612 |
| 942 |
_2lcc _cB |
||
| 999 |
_c1375 _d1375 |
||